000 00489nam a2200157 i 4500
001 100396
003 ES-MaACL
007 t|
008 050928s1948 sp ||||1| cat d
100 1 _aMas Ripoll, Rafael.
_978645
245 1 0 _aFolklore
_b: coses de Llagostera /
_cRafael Mas Ripoll; illustracions de Pere Compañó.
260 _aLlagostera (Gerona) :
_bAjuntament,
_c1948.
300 _a223 p. ;
_c17 cm.
700 1 _aCompañó, Pere.
_940045
852 _aES-MaACL
_jE-727
_bR.26258
999 _c100396
_d100396